| 000 | 01541nam a22003737a 4500 | ||
|---|---|---|---|
| 003 | CHAP | ||
| 005 | 20260223121543.0 | ||
| 008 | 971013s1978 r 00010 d | ||
| 010 | _a38646 | ||
| 011 | _a39618 | ||
| 035 | _a43739 | ||
| 040 | _cCHAP | ||
| 082 |
_a338.1 _bM62 |
||
| 100 | 1 | 0 |
_aMoctezuma López, Georgel _ecomp. _976402 |
| 245 |
_aContribución del ingeniero agrónomo especialista en industrias agrícolas a la investigación _b: comentarios de las tesis presentadas en industrias agrícolas |
||
| 260 |
_aChapingo, Méx. : _bSARH. Colegio de Postgraduados. Centro de Economía Agrícola, _c1978 |
||
| 300 | _a154 p | ||
| 590 |
_aBATCH-UPD _b10 _c20130109 _lUCH01 _h2350 |
||
| 590 |
_aBATCH-UPD _b10 _c20130110 _lUCH01 _h1806 |
||
| 590 |
_aBATCH-UPD _b10 _c20130409 _lUCH01 _h1922 |
||
| 590 |
_aBATCH-UPD _b10 _c20130410 _lUCH01 _h1141 |
||
| 590 |
_aBATCH-UPD _b10 _c20130914 _lUCH01 _h1531 |
||
| 590 |
_aCONVERSION _b10 _c20130109 _lUCH01 _h1321 |
||
| 650 | 1 | 4 |
_aIndustrias agrícolas _xBibliografía _xMéxico. _957932 |
| 650 | 1 | 4 |
_aTesis _xSumarios. _9112469 |
| 700 | 0 |
_aGarcía León, Antonio. _946191 |
|
| 901 | _aBK | ||
| 942 | _cLIBRO | ||
| 949 |
_a338.1 M62 _bBC _cLIBRO _d33724000345757 _eLIBRO _fc.4 _h44719 _i43739 _si |
||
| 949 |
_a338.1 M62 _bBC _cLIBRO _d33724000345765 _eLIBRO _fc.3 _h44718 _i43739 _si |
||
| 949 |
_a338.1 M62 _bBC _cLIBRO _d33724000345773 _eLIBRO _fc.2 _h44717 _i43739 _si |
||
| 949 |
_a338.1 M62 _bBC _cLIBRO _d33724000345781 _eLIBRO _h44716 _i43739 _si |
||
| 949 |
_a338.1 M62 _bBC _cUACH _d-100035 _eUACH _fc.5 _h44720 _i43739 _si |
||
| 999 |
_c38646 _d38646 |
||